logo

Bir Sreshtho Munshi Abdur Rouf Library
Jhenaidah Cadet College

আগুনের পরশমণি / (Record no. 4275)

MARC details
000 -LEADER
fixed length control field 00662nam a2200229 a 4500
001 - CONTROL NUMBER
JCCL Control Number 4275
003 - CONTROL NUMBER IDENTIFIER
JCCL marc code BD-JhCC
005 - DATE AND TIME OF LATEST TRANSACTION
control field 20230208134023.0
008 - FIXED-LENGTH DATA ELEMENTS--GENERAL INFORMATION
fixed length control field 171125s19862005bg |||| |a|| 000 0 ben d
020 ## - INTERNATIONAL STANDARD BOOK NUMBER
International Standard Book Number 9848683739
035 ## - SYSTEM CONTROL NUMBER
system control number (BD-JhCC)4275
040 ## - CATALOGING SOURCE
Original cataloging agency BD-JhCC
Modifying agency BD-JhCC
041 ## - LANGUAGE CODE
Language code of Book ben
082 ## - DEWEY DECIMAL CLASSIFICATION NUMBER
Classification number 891.443
Author mark and Year HUM 1986
100 ## - MAIN ENTRY--PERSONAL NAME
Personal name আহমেদ, হুমায়ূন
245 ## - TITLE STATEMENT
Title আগুনের পরশমণি /
Statement of responsibility, etc হুমায়ূন আহমেদ
260 ## - PUBLICATION, DISTRIBUTION, ETC. (IMPRINT)
Place of publication, distribution, etc ঢাকা :
Name of publisher, distributor, etc অন্যপ্রকাশ,
Date of publication, distribution, etc 1986.
300 ## - PHYSICAL DESCRIPTION
Pagination 102 p. :
Dimensions 22 cm.
650 ## - SUBJECT ADDED ENTRY--TOPICAL TERM
Topical term or geographic name as entry element Historical Novel
942 ## - ADDED ENTRY ELEMENTS (KOHA)
Source of classification or shelving scheme Dewey Decimal Classification
Koha item type Books
Koha issues (borrowed), all copies 28
Holdings
Source of classification or shelving scheme Damaged status Not for loan Home library Current library Shelving location Date of accession Source of acquisition Cost, normal purchase price Total Checkouts Full call number Barcode Checked out Date last seen Date checked out Copy number Koha item type
Dewey Decimal Classification     JCC Rouf Library JCC Rouf Library General Stacks 05/08/2023 2017-11-25 200.00 21 891.443 HUM 1986 6156 12/03/2025 11/09/2025 11/09/2025 C-1 Books
Dewey Decimal Classification     JCC Rouf Library JCC Rouf Library General Stacks 03/16/2023   85.00 14 891.443 HUM 1986 8454   02/19/2024 02/12/2024 C - 2 Books

JCC Library | Contacts | JCC Home

Last Update on 23 September 2017
Copyright @ 2017-2020 JCC Rouf Library
Rouf Library, Jhenidah Cadet College (JCC), Bangladesh